[Event "HUN-chT2 Toth 1415"]
[Site "Hungary"]
[Date "2014.09.07"]
[Round "1.8"]
[White "Zsiros, Laszlo"]
[Black "Varga, Laszlo"]
[Result "1/2-1/2"]
[WhiteElo "1816"]
[BlackElo "2166"]
[PlyCount "63"]
[EventDate "2014.09.07"]
[EventType "team-tourn"]
[EventRounds "11"]
[EventCountry "HUN"]
[SourceTitle "EXT 2016"]
[Source "ChessBase"]
[SourceDate "2015.10.08"]
[SourceVersion "1"]
[SourceVersionDate "2015.10.08"]
[SourceQuality "1"]
[WhiteTeam "Takisz"]
[BlackTeam "Ujszasz"]
[WhiteTeamCountry "HUN"]
[BlackTeamCountry "HUN"]

1. d4 e6 2. e4 d5 3. exd5 exd5 4. Nc3 Nf6 5. f3 h6 6. a3 Bd6 7. Bd3 0-0 8. Nge2 c6 9. Bf4 Bxf4 10. Nxf4 Qb6 11. Na4 Qa5+ 12. c3 Re8+ 13. Kf2 Nbd7 14. b4 Qc7 15. Qd2 b5 16. Nb2 Nb6 17. g3 Nc4 18. Nxc4 dxc4 19. Bc2 a5 20. h4 axb4 21. axb4 Bd7 22. Rxa8 Rxa8 23. Bb1 Kf8 24. Re1 Re8 25. Rxe8+ Bxe8 26. Be4 Qa7 27. Ne2 Qe7 28. Bf5 Bd7 29. Bc2 Nd5 30. Be4 Be6 31. Bxd5 Bxd5 32. Qf4 1/2-1/2

[Event "HUN-chT2 Toth 1314"]
[Site "Hungary"]
[Date "2014.03.23"]
[Round "9.8"]
[White "Varga, Laszlo"]
[Black "Lorinczy, Laszlo"]
[Result "1-0"]
[WhiteElo "2179"]
[BlackElo "1876"]
[PlyCount "107"]
[EventDate "2013.09.08"]
[EventType "team-tourn"]
[EventRounds "11"]
[EventCountry "HUN"]
[SourceTitle "EXT 2016"]
[Source "ChessBase"]
[SourceDate "2015.10.08"]
[SourceVersion "1"]
[SourceVersionDate "2015.10.08"]
[SourceQuality "1"]
[WhiteTeam "Ujszasz"]
[BlackTeam "Abony"]
[WhiteTeamCountry "HUN"]
[BlackTeamCountry "HUN"]

1. d4 Nf6 2. Nf3 g6 3. Nbd2 d5 4. e3 Bg7 5. Bd3 0-0 6. 0-0 Bg4 7. h3 Bxf3 8. Nxf3 Nbd7 9. b3 c5 10. Bb2 Rc8 11. Qe2 Re8 12. c4 e6 13. Rfd1 Qa5 14. Ne5 cxd4 15. exd4 Qd8 16. Rac1 Nh5 17. Qe3 Bf6 18. Nf3 Bg7 19. g4 Nhf6 20. c5 Nb8 21. b4 a6 22. a4 Nfd7 23. Bc3 Qe7 24. Bf1 Nf6 25. b5 axb5 26. axb5 Ne4 27. Bb4 Bf6 28. Rb1 Qd8 29. Bd3 Ng5 30. Nxg5 Bxg5 31. f4 Bf6 32. Ra1 b6 33. c6 Rc7 34. Ra8 Be7 35. Be1 Bh4 36. Bd2 Be7 37. Rda1 Bd6 38. Kg2 Qe7 39. R1a4 f6 40. Bc3 Kg7 41. Bd2 Kg8 42. Be2 Rd8 43. Bd3 f5 44. g5 Kg7 45. Ra1 Re8 46. R8a4 Rec8 47. Re1 Re8 48. Qg3 Qf7 49. Qh4 Ree7 50. Qh6+ Kg8 51. Ra8 Ra7 52. c7 Rexc7 53. Rxb8+ Bf8 54. Bb4 1-0

[Event "HUN-chT2 Toth 1314"]
[Site "Hungary"]
[Date "2013.09.08"]
[Round "1.7"]
[White "Abraham, Lajos"]
[Black "Varga, Laszlo"]
[Result "0-1"]
[WhiteElo "1818"]
[BlackElo "2179"]
[PlyCount "108"]
[EventDate "2013.09.08"]
[EventType "team-tourn"]
[EventRounds "11"]
[EventCountry "HUN"]
[SourceTitle "EXT 2016"]
[Source "ChessBase"]
[SourceDate "2015.10.08"]
[SourceVersion "1"]
[SourceVersionDate "2015.10.08"]
[SourceQuality "1"]
[WhiteTeam "Roszke"]
[BlackTeam "Ujszasz"]
[WhiteTeamCountry "HUN"]
[BlackTeamCountry "HUN"]

1. c4 e6 2. a3 b6 3. Nc3 Bb7 4. e4 c5 5. Nf3 d6 6. d4 Nd7 7. Bg5 f6 8. Bh4 Nh6 9. Be2 Be7 10. Qd2 0-0 11. 0-0 a6 12. Rad1 Nf7 13. Bg3 Qc7 14. b4 cxb4 15. axb4 Rfd8 16. Qe3 e5 17. Nd5 Bxd5 18. exd5 Nh6 19. Qb3 Kh8 20. h3 Nf5 21. Kh2 g6 22. Bd3 Nxg3 23. Kxg3 f5 24. dxe5 dxe5 25. Nxe5 Nxe5 26. f4 Nxd3 27. Qxd3 Bxb4 28. h4 Bd6 29. h5 Qg7 30. Kf2 Bxf4 31. Rh1 g5 32. h6 Qb2+ 33. Kf3 Be5 34. Rc1 g4+ 35. Ke3 Re8 36. Rc2 Bg3+ 37. Kd2 Qb4+ 38. Qc3+ Qxc3+ 39. Rxc3 Be5 40. Rd3 Rac8 41. Rh5 f4 42. d6 Rcd8 43. d7 Re7 44. Kc2 g3 45. Rd5 Bc7 46. Rhg5 Rexd7 47. Rdf5 a5 48. Kb3 Rg8 49. Ka4 Rxg5 50. Rxg5 Rf7 51. Kb5 f3 52. gxf3 Rxf3 53. Kc6 Rf7 54. Kd5 Rf8 0-1

[Event "HUN-chT2 Toth 1213"]
[Site "Hungary"]
[Date "2013.04.07"]
[Round "10.4"]
[White "Varga, Laszlo"]
[Black "Kiss, Laszlo"]
[Result "1/2-1/2"]
[WhiteElo "2199"]
[BlackElo "1655"]
[PlyCount "77"]
[EventDate "2012.09.16"]
[EventType "team-tourn"]
[EventRounds "11"]
[EventCountry "HUN"]
[SourceTitle "EXT 2014"]
[Source "ChessBase"]
[SourceDate "2013.11.20"]
[SourceVersion "1"]
[SourceVersionDate "2013.11.20"]
[SourceQuality "1"]
[WhiteTeam "Ujszasz"]
[BlackTeam "Debrecen Sakkbaratok"]
[WhiteTeamCountry "HUN"]
[BlackTeamCountry "HUN"]

1. d4 Nf6 2. Nf3 g6 3. Nbd2 d5 4. e3 Bg7 5. Bd3 0-0 6. 0-0 Nc6 7. c3 Re8 8. e4 dxe4 9. Nxe4 Bg4 10. Bg5 Qd5 11. Bxf6 exf6 12. Re1 f5 13. Ned2 Bh6 14. Qa4 a6 15. h3 Bh5 16. Qc2 Rxe1+ 17. Rxe1 Bxf3 18. Bc4 Bd1 19. Qxd1 Qd7 20. Nf3 Re8 21. Rxe8+ Qxe8 22. b4 Bf4 23. a4 Qe7 24. Kf1 h6 25. g3 Bd6 26. Nd2 a5 27. b5 Nd8 28. Qf3 b6 29. h4 h5 30. Qd5 Kg7 31. Qf3 Qf6 32. Bd5 Be7 33. Nc4 f4 34. Kg2 fxg3 35. fxg3 Qxf3+ 36. Kxf3 g5 37. hxg5 Bxg5 38. Ke4 Kg6 39. Kf3 1/2-1/2

[Event "HUN-chT2 Barcza 1213"]
[Site "Hungary"]
[Date "2013.03.03"]
[Round "8.10"]
[White "Varga, Laszlo"]
[Black "Forgacs, Laszlo"]
[Result "1-0"]
[WhiteElo "2199"]
[BlackElo "1597"]
[PlyCount "75"]
[EventDate "2012.09.16"]
[EventType "team-tourn"]
[EventRounds "11"]
[EventCountry "HUN"]
[SourceTitle "EXT 2014"]
[Source "ChessBase"]
[SourceDate "2013.11.20"]
[SourceVersion "1"]
[SourceVersionDate "2013.11.20"]
[SourceQuality "1"]
[WhiteTeam "Sajoszentpeter"]
[BlackTeam "DEAC"]
[WhiteTeamCountry "HUN"]
[BlackTeamCountry "HUN"]

1. e4 e5 2. Nc3 Nf6 3. Bc4 Bc5 4. Nf3 Nc6 5. 0-0 0-0 6. d3 h6 7. a3 a6 8. b4 Ba7 9. Bb2 d6 10. h3 b5 11. Ba2 a5 12. Nxb5 axb4 13. Nxa7 Rxa7 14. axb4 d5 15. exd5 Nxb4 16. Bb3 Rxa1 17. Qxa1 Nfxd5 18. Bxe5 f6 19. Bb2 Qd6 20. c4 Qb6 21. cxd5 Nxd3 22. Qa3 Ba6 23. d6+ Kh8 24. dxc7 Rc8 25. Bd4 Qc6 26. Rd1 Nf4 27. Be3 Nxh3+ 28. gxh3 Qxf3 29. Qxa6 Qxh3 30. Rd8+ Kh7 31. Bg8+ Kg6 32. Qxc8 f5 33. Qe6+ Kh5 34. Bf7+ Kg4 35. Rd4+ Kf3 36. Rf4+ Ke2 37. Qc4+ Kd1 38. Qd3+ 1-0